01486nam a22002057a 450000500170000000800410001704000440005804100080010208200120011010000420012224500900016426000700025430000310032450005140035550502610086950600210113065000400115165000260119170000630121720220210115436.0220210s1934 ar ||||fr|||| 00| e spa d aCO-BoUCMbspacSandra YazodSandra Yazo0 aspa 220a8641 aMelián Lafinur, Álvarod1889-195810aLa disputa de los siglos. cÁlvaro Melián Lafinur ; Prólogo de Juan B. Terán  aBuenos Aires (Argentina)bM. Gleizer ; Francisco A. Colombog1934 a190 páginasc19 x 14 cm. aDetalles físicos: Encuadernación rústica (cartulina). Tapa delantera y lomo impresos en dos tintas, con datos de publicación de la obra. Tapa posterior, con marca tipográfica de M. Gleizer, el editor. Hoja de cortesía. Anteportada. Portada impresa en una sola tinta. Texto impreso en una columna, con diferentes tipos y tamaños de letra. Mayúsculas iniciales. Índice. Tapas en regular estado. Lomo roto. Varias hojas sin refilar. Desgarrones en papel de portada. Papel amarillento en bordes.0 aLa disputa de los siglos. Oración al Mediterráneo. Reflexiones ante la Acrópolis. Diálogo sobre el poder. Diálogo de las amantes. Carácter y grandeza de la literatura italiana. Diálogo gongorino. El alma latina. La revaloración hispánica. aConsulta en sala 7aEnsayos argentinos ySiglo XIX - XX 7aLiteratura argentina 1 aTerán, Juan B.d1880-1938 eprólogoq(Juan Benjamín)